000
00494nam a2200169Ia 4500
008
090711s9999 xx 000 0 und d
082
_b
69087
100
_a
मुळीक निवgत्ती
245
_a
Sााहुल
260
_b
पूजा प्रकाशन
_c
1990
300
_a
256
600
_a
मुळीक निवgत्ती
630
_a
Sााहुल
700
_a
मुळीक निवgत्ती
730
_a
Sााहुल
942
_c
BOOK
999
_c
303935
_d
303935